К ректификации спирта на периодически действующих аппаратах; Известия Томского Технологического Института [Известия ТТИ]; Т. 14, № 2
| Parent link: | Известия Томского Технологического Института [Известия ТТИ]/ Томский технологический институт (ТТИ).— , 1903-1925 Т. 14, № 2.— 1909 |
|---|---|
| מחבר ראשי: | |
| סיכום: | Заглавие с титульного листа Электронная версия печатной публикации |
| שפה: | רוסית |
| יצא לאור: |
1909
|
| נושאים: | |
| גישה מקוונת: | Черно-белая версия для предварительного просмотра Цветная версия без потери качества |
| פורמט: | אלקטרוני Book Chapter |
| KOHA link: | https://koha.lib.tpu.ru/cgi-bin/koha/opac-detail.pl?biblionumber=162453 |
MARC
| LEADER | 00000nla2a2200000 4500 | ||
|---|---|---|---|
| 001 | 162453 | ||
| 005 | 20231031160402.0 | ||
| 035 | |a (RuTPU)RU\TPU\book\176186 | ||
| 035 | |a RU\TPU\book\176184 | ||
| 090 | |a 162453 | ||
| 100 | |a 20090622d1909 k y0rusy50 ca | ||
| 101 | 0 | |a rus | |
| 102 | |a RU | ||
| 135 | |a drnn ---uucaa | ||
| 181 | 0 | |a i | |
| 182 | 0 | |a b | |
| 200 | 1 | |a К ректификации спирта на периодически действующих аппаратах |b Электронный ресурс |f С. В. Лебедев | |
| 203 | |a Текст |c электронный | ||
| 215 | |a 2 файла (1.8 Мб, 50.4 Мб) | ||
| 230 | |a Электронные текстовые данные (2 файла : 1.8 Мб, 50.4 Мб) | ||
| 300 | |a Заглавие с титульного листа | ||
| 300 | |a Электронная версия печатной публикации | ||
| 337 | |a Adobe Reader | ||
| 461 | 1 | |0 (RuTPU)RU\TPU\book\165999 |t Известия Томского Технологического Института [Известия ТТИ] |f Томский технологический институт (ТТИ) |d 1903-1925 | |
| 463 | 1 | |0 (RuTPU)RU\TPU\book\176179 |t Т. 14, № 2 |d 1909 |p 224 с. | |
| 610 | 1 | |a электронный ресурс | |
| 610 | 1 | |a труды учёных ТПУ | |
| 700 | 1 | |a Лебедев |b С. В. |c российский химик-технолог питательных веществ |c профессор Томского технологического института (1902-1930) |f 1876-1938 |g Сергей Васильевич |2 stltpush |3 (RuTPU)RU\TPU\pers\19081 | |
| 801 | 1 | |a RU |b 63413507 |c 20090320 |g PSBO | |
| 801 | 2 | |a RU |b 63413507 |c 20100809 |g PSBO | |
| 856 | 4 | |u http://www.lib.tpu.ru/fulltext/v/Bulletin_TPU/1909/v14/a3_bw.pdf |z Черно-белая версия для предварительного просмотра | |
| 856 | 4 | |u http://www.lib.tpu.ru/fulltext/v/Bulletin_TPU/1909/v14/a3_full.pdf |z Цветная версия без потери качества | |
| 942 | |c CF | ||